<?xml version="1.0" encoding="UTF-8"?>
<record
    xmlns:xsi="http://www.w3.org/2001/XMLSchema-instance"
    xsi:schemaLocation="http://www.loc.gov/MARC21/slim http://www.loc.gov/standards/marcxml/schema/MARC21slim.xsd"
    xmlns="http://www.loc.gov/MARC21/slim">

  <leader>01100nam a22002537a 4500</leader>
  <controlfield tag="005">20170124103214.0</controlfield>
  <datafield tag="010" ind1=" " ind2=" ">
    <subfield code="a">B-234324</subfield>
  </datafield>
  <datafield tag="020" ind1=" " ind2=" ">
    <subfield code="c">120.00</subfield>
    <subfield code="a">8178122049</subfield>
  </datafield>
  <datafield tag="035" ind1=" " ind2=" ">
    <subfield code="a">B-234324</subfield>
  </datafield>
  <datafield tag="037" ind1=" " ind2=" ">
    <subfield code="b">Cen Lib/Ret</subfield>
  </datafield>
  <datafield tag="040" ind1=" " ind2=" ">
    <subfield code="a">DPL</subfield>
    <subfield code="b">HN</subfield>
  </datafield>
  <datafield tag="082" ind1=" " ind2=" ">
    <subfield code="a">000</subfield>
    <subfield code="b">&#x917;&#x941;&#x92A;&#x94D;&#x924;&#x93E;&#x906; </subfield>
  </datafield>
  <datafield tag="100" ind1=" " ind2=" ">
    <subfield code="a">&#x917;&#x941;&#x92A;&#x94D;&#x924;&#x93E;, &#x906;&#x930; </subfield>
    <subfield code="9">97380</subfield>
  </datafield>
  <datafield tag="245" ind1=" " ind2=" ">
    <subfield code="a">&#x90F;&#x928;.&#x921;&#x940;.&#x90F;. :</subfield>
    <subfield code="c">&#x906;&#x930;. &#x917;&#x941;&#x92A;&#x94D;&#x924;&#x93E; </subfield>
    <subfield code="b">&#x917;&#x923;&#x93F;&#x924; /</subfield>
  </datafield>
  <datafield tag="246" ind1=" " ind2=" ">
    <subfield code="a">N.D.A. : ganit /</subfield>
    <subfield code="b">by R. Gupta </subfield>
  </datafield>
  <datafield tag="260" ind1=" " ind2=" ">
    <subfield code="a">&#x928;&#x92F;&#x940; &#x926;&#x93F;&#x932;&#x94D;&#x932;&#x940; </subfield>
    <subfield code="b">&#x930;&#x92E;&#x947;&#x936; &#x92A;&#x92C;&#x94D;&#x932;&#x93F;&#x936;&#x93F;&#x902;&#x917; &#x939;&#x93E;&#x909;&#x938; </subfield>
    <subfield code="c">2008</subfield>
  </datafield>
  <datafield tag="270" ind1=" " ind2=" ">
    <subfield code="b">&#x928;&#x92F;&#x940; &#x926;&#x93F;&#x932;&#x94D;&#x932;&#x940; </subfield>
    <subfield code="a">12-H, &#x928;&#x94D;&#x92F;&#x942; &#x926;&#x930;&#x93F;&#x92F;&#x93E;&#x917;&#x902;&#x91C; &#x930;&#x94B;&#x921;, &#x91F;&#x94D;&#x930;&#x93E;&#x92B;&#x93F;&#x915; &#x915;&#x94B;&#x924;&#x935;&#x93E;&#x932;&#x940; &#x915;&#x947; &#x938;&#x93E;&#x92E;&#x928;&#x947; </subfield>
    <subfield code="e">110002 </subfield>
  </datafield>
  <datafield tag="300" ind1=" " ind2=" ">
    <subfield code="a">&#x92D;&#x93F;&#x928;&#x94D;&#x928; &#x92A;&#x943;&#x937;&#x94D;&#x920; </subfield>
    <subfield code="c">20&#x938;&#x947;&#x92E;&#x940;(&#x938;&#x91C;&#x93F;&#x932;&#x94D;&#x926; ) </subfield>
  </datafield>
  <datafield tag="650" ind1=" " ind2=" ">
    <subfield code="a">&#x917;&#x923;&#x93F;&#x924;--&#x92A;&#x930;&#x940;&#x915;&#x94D;&#x937;&#x93E; </subfield>
    <subfield code="x"> </subfield>
    <subfield code="z"> </subfield>
    <subfield code="9">59924</subfield>
  </datafield>
  <datafield tag="650" ind1=" " ind2=" ">
    <subfield code="a">&#x90F;&#x928;.&#x921;&#x940;.&#x90F; - &#x92A;&#x930;&#x940;&#x915;&#x94D;&#x937;&#x93E; --</subfield>
    <subfield code="9">97381</subfield>
  </datafield>
  <datafield tag="650" ind1=" " ind2=" ">
    <subfield code="a">N.D.A -- exam </subfield>
    <subfield code="9">97382</subfield>
  </datafield>
  <datafield tag="650" ind1=" " ind2=" ">
    <subfield code="a">. - exam </subfield>
    <subfield code="9">97383</subfield>
  </datafield>
  <datafield tag="942" ind1=" " ind2=" ">
    <subfield code="2">ddc</subfield>
    <subfield code="c">HN</subfield>
    <subfield code="h">330</subfield>
    <subfield code="m">&#x917;&#x941;&#x92A;&#x94D;&#x924;&#x93E;&#x906; </subfield>
  </datafield>
  <datafield tag="999" ind1=" " ind2=" ">
    <subfield code="c">121433</subfield>
    <subfield code="d">121433</subfield>
  </datafield>
  <datafield tag="952" ind1=" " ind2=" ">
    <subfield code="0">0</subfield>
    <subfield code="1">0</subfield>
    <subfield code="4">0</subfield>
    <subfield code="7">0</subfield>
    <subfield code="a">L</subfield>
    <subfield code="b">L</subfield>
    <subfield code="d">2015-10-06</subfield>
    <subfield code="e">Cen Lib/Ref</subfield>
    <subfield code="g">120.00</subfield>
    <subfield code="l">0</subfield>
    <subfield code="o">000 &#x917;&#x941;&#x92A;&#x94D;&#x924;&#x93E;&#x906;</subfield>
    <subfield code="p">B-234324</subfield>
    <subfield code="r">2015-10-06 00:00:00</subfield>
    <subfield code="t">1</subfield>
    <subfield code="v">120.00</subfield>
    <subfield code="w">2015-10-06</subfield>
    <subfield code="y">HN</subfield>
  </datafield>
</record>
